Přechodové rituály : posvátná cesta ke zralosti /

Hlavní autor: Villoldo, Alberto, 1949-
Další autoři: Hässelbarthová, Andrea
Jazyk: Čeština
Vydáno: Praha : Maitrea, 2020
Vydání: První vydání v českém jazyce
Témata:
Fyzický popis: xii, 223 stran ; 21 cm
Knihy
Uloženo v:
LEADER 02663nam a2200709 i 4500
001 nkc20193134447
003 CZ PrNK
005 20200428081217.0
007 ta
008 190923s2020 xr e f 000 0 cze
015 |a cnb003134447 
020 |a 978-80-7500-508-3  |q (brožováno) :  |c Kč 360,00 
035 |a (OCoLC)1143845528 
040 |a ABA001  |b cze  |d BOA001  |e rda 
041 1 |a cze  |h eng 
072 7 |a 133  |x Ezoterismus. Okultismus  |2 Konspekt  |9 17 
080 |a 2-185.2  |2 MRF 
080 |a 159.942-022.212  |2 MRF 
080 |a 159.964.21  |2 MRF 
080 |a 133.2  |2 MRF 
080 |a 2-552/-557  |2 MRF 
080 |a [13+2-584.5]:316.42  |2 MRF 
080 |a 2-312.6  |2 MRF 
080 |a 133.4:2-382  |2 MRF 
080 |a (0.062)  |2 MRF 
100 1 |a Villoldo, Alberto,  |d 1949-  |7 pna2012739161  |4 aut 
240 1 0 |a Illumination.  |l Česky 
245 1 0 |a Přechodové rituály :  |b posvátná cesta ke zralosti /  |c Alberto Villoldo ; přeložila Andrea Hässelbarthová 
250 |a První vydání v českém jazyce 
264 1 |a Praha :  |b Maitrea,  |c 2020 
300 |a xii, 223 stran ;  |c 21 cm 
336 |a text  |b txt  |2 rdacontent 
337 |a bez média  |b n  |2 rdamedia 
338 |a svazek  |b nc  |2 rdacarrier 
500 |a Přeloženo z angličtiny 
504 |a Obsahuje bibliografické odkazy 
650 0 7 |a utrpení  |7 ph126962  |2 czenas 
650 0 7 |a negativní emoce  |7 ph115428  |2 czenas 
650 0 7 |a archetypy  |7 ph118505  |2 czenas 
650 0 7 |a duchovní cesta  |7 ph119626  |x esoterické pojetí  |2 czenas 
650 0 7 |a iniciace  |7 ph221300  |x esoterické pojetí  |2 czenas 
650 0 7 |a přechodové rituály  |7 ph1008941  |x esoterické pojetí  |2 czenas 
650 0 7 |a duchovní transformace  |7 ph913397  |x esoterické pojetí  |2 czenas 
650 0 7 |a duchovní probuzení  |7 ph663539  |x esoterické pojetí  |2 czenas 
650 0 7 |a šamanismus  |7 ph127795  |2 czenas 
650 0 9 |a suffering  |2 eczenas 
650 0 9 |a negative emotions  |2 eczenas 
650 0 9 |a archetypes  |2 eczenas 
650 0 9 |a spiritual path  |x esoteric approach  |2 eczenas 
650 0 9 |a initiation  |x esoteric approach  |2 eczenas 
650 0 9 |a rites of passage  |x esoteric approach  |2 eczenas 
650 0 9 |a spiritual transformation  |x esoteric approach  |2 eczenas 
650 0 9 |a spiritual enlightenment  |x esoteric approach  |2 eczenas 
650 0 9 |a shamanism  |2 eczenas 
655 7 |a populárně-naučné publikace  |7 fd131864  |2 czenas 
655 9 |a popular works  |2 eczenas 
700 1 |a Hässelbarthová, Andrea  |7 xx0078454  |4 trl 
910 2 |a BOA001  |b 2-1443.235 
990 |a BK 
995 |a 01 
991 |b 202002  |c NOV 
996 6 |b 2610813938  |c 2-1443.235  |l MZK  |r Sklad / do 1 hodiny  |n 5  |p p.v.  |w 001780744  |u 000010  |a 1  |e BOA001  |j MZK50  |s P